Python essentials for dummies (Record no. 397233)
[ view plain ]
| 000 -LEADER | |
|---|---|
| fixed length control field | 00534 a2200205 4500 |
| 005 - DATE & TIME | |
| control field | 20260406153649.0 |
| 008 - FIXED-LENGTH DATA ELEMENTS--GENERAL INFORMATION | |
| fixed length control field | 260406b |||||||| |||| 00| 0 eng d |
| 020 ## - ISBN | |
| International Standard Book Number | 9789363868618 |
| Price | Rs. 595.00 |
| 040 ## - CATALOGING SOURCE | |
| Original cataloging agency | VIVEKANANDA LIBRARY |
| 082 ## - DDC NUMBER | |
| Classification number | 005.133 |
| Book Number | S82P |
| 100 ## - MAIN ENTRY--PERSONAL NAME | |
| Personal name | Shovic, John C |
| 245 ## - TITLE STATEMENT | |
| Title | Python essentials for dummies |
| 260 ## - PUBLICATION, DISTRIBUTION, ETC. (IMPRINT) | |
| Name of publisher, distributor, etc | Wiley India |
| Date of publication, distribution, etc | 2025 |
| Place of publication, distribution, etc | New Delhi |
| 300 ## - PHYSICAL DESCRIPTION | |
| Pages | ix, 180 |
| 650 ## - Subject | |
| Subject | Computer Science |
| 650 ## - Subject | |
| Subject | Python- Programming Language |
| 650 ## - Subject | |
| Subject | Data Science |
| 700 ## - Added Entry Personal Name | |
| Added Entry Personal Name | Simpson, Alan |
| 942 ## - ADDED ENTRY ELEMENTS (KOHA) | |
| Koha item type | Books |
| Withdrawn status | Lost status | Source of classification or shelving scheme | Damaged status | Not for loan | Location (home branch) | Sublocation or collection (holding branch) | Shelving location | Date acquired | Koha issues (times borrowed) | Koha full call number | Accession No. | Koha date last seen | Koha item type |
|---|---|---|---|---|---|---|---|---|---|---|---|---|---|
| Dewey Decimal Classification | VIVEKANANDA LIBRARY | VIVEKANANDA LIBRARY | UIET Library | 17/03/2026 | 005.133 S82P | 431106 | 17/03/2026 | Books | |||||
| Dewey Decimal Classification | VIVEKANANDA LIBRARY | VIVEKANANDA LIBRARY | UIET Library | 17/03/2026 | 005.133 S82P | 431105 | 17/03/2026 | Books | |||||
| Dewey Decimal Classification | VIVEKANANDA LIBRARY | VIVEKANANDA LIBRARY | UIET Library | 17/03/2026 | 005.133 S82P | 431108 | 17/03/2026 | Books | |||||
| Dewey Decimal Classification | VIVEKANANDA LIBRARY | VIVEKANANDA LIBRARY | UIET Library | 17/03/2026 | 005.133 S82P | 431104 | 17/03/2026 | Books | |||||
| Dewey Decimal Classification | VIVEKANANDA LIBRARY | VIVEKANANDA LIBRARY | UIET Library | 17/03/2026 | 005.133 S82P | 431107 | 17/03/2026 | Books |
